Jugend-Albert. Op. 47 : leichte Klavierstücke mit Berücksichtigung kleiner Hände : zwei Hefte / [I]

Hlavní autor: Fuchs, Robert, 1847-1927
Jazyk: Nelze použít, není lingvistický obsah
Vydáno: Berlin ; Leipzig : N. Simrock G.m.b.H., [1910?]
Edice: Universal-Edition
Fyzický popis: 1 partitura (15 s.)
Hudebniny Hudebniny
Uloženo v:
LEADER 00985ncm a22002532a 4500
001 001276442
003 CZ BrMZK
005 20150817104719.0
007 qu
008 130129s1910 gw |||||||||||||||||zxx d
040 |a BOA001  |b cze 
072 7 |a 786  |x Hudba pro klávesové nástroje  |2 Konspekt  |9 9 
100 1 |a Fuchs, Robert,  |d 1847-1927  |7 ola2002107466  |4 cmp 
245 1 0 |a Jugend-Albert.  |n [I]  |h [hudebnina] :  |b Op. 47 : leichte Klavierstücke mit Berücksichtigung kleiner Hände : zwei Hefte /  |c von Robert Fuchs 
260 |a Berlin ;  |a Leipzig :  |b N. Simrock G.m.b.H.,  |c [1910?] 
300 |a 1 partitura (15 s.) 
490 1 |a Universal-Edition ;  |v Nr. 2119 
500 |a Převzato do Universal-Edition 
510 4 |a [Winiker, C.: Haupt-Katalog der Musikalien-Leih-Anstalt,  |c 58836] 
830 0 |a Universal-Edition 
910 |a BOA001  |b Mus4-0207.150,1 
990 |a MU 
991 |b 201301 
996 6 |b 2619518383  |c Mus4-0207.150,1  |l MZK  |r Sklad / do 1 hodiny  |n 0  |p W  |w 001310716  |u 000010  |a 1  |e BOA001  |j MZK50  |s P